01528 2200325 4500001002100000005001500021035002000036008004100056020001500097041000800112082001200120084001800132100001600150245009300166250001000259260006600269300002900335504001400364520057200378650001200950990002600962990002600988990002801014990002601042990002601068990002801094990002601122990002601148990002801174INLIS00000000000574320221107074903 a0010-0520005743221107 | | ind  a9791073155 aind a347.016 a347.016 HAB s0 aHabib Adjie1 aSanksi Perdata & Administratif Terhadap Notaris :bSebagai Pejabat Publik /cHabib Adjie aCet.1 aJakarta :bPusat Bahasa Departemen Pendidikan Nasional,c2008 axix. 204 p.;24cm ;c24cm ap 167-171 aNotaris sebagai pejabat publik, mempunyai kewenangan untuk membuat akta otentik dan kewenangan lainnya sebagaimana ditentukan dalam undang-undang yang mengaturnya, yaitu UUJN. Meskipun tugasnya sebagai Pejabat Publik yaitu memberi pelayanan kepada masyarakat, Notaris tidak berarti sama kedudukannya dengan Pejabat Publik di bidang pemerintah yang dikategorikan sebagai Badan atau Pejabat Tata Usaha Negara. Berkaitan dengan tugasnya, bila menyalahi aturan perundang-undangan, Notaris dapat saja dikenai sanksi-sanksi tertentu berupa sanksi perdata dan administratif. 4aNotaris a08559/MKRI-P/XII-2008 a08560/MKRI-P/XII-2008 a21133/ MKRI-P/ VI- 2011 a08560/MKRI-P/XII-2008 a08559/MKRI-P/XII-2008 a21133/ MKRI-P/ VI- 2011 a08559/MKRI-P/XII-2008 a08560/MKRI-P/XII-2008 a21133/ MKRI-P/ VI- 2011